<The> Choice of exchange rate regime
Uložené v:
| Hlavný autor: | |
|---|---|
| Médium: | Kniha |
| Jazyk: | English |
| Vydavateľské údaje: |
London
Bank of England
1996
|
| Edícia: | Handbooks in Central Banking
No. 2 |
| Predmet: | |
| Tagy: |
Žiadne tagy, Buďte prvý, kto otaguje tento záznam!
|
MARC
| LEADER | 00000nam a2200000 4500 | ||
|---|---|---|---|
| 001 | c125137 | ||
| 005 | 20221221082603.9 | ||
| 020 | |a 1-85730-024-6 | ||
| 041 | 0 | |a eng | |
| 044 | |a GB | ||
| 245 | 1 | 0 | |a <The> Choice of exchange rate regime |c Tony Latter |
| 264 | 1 | |a London |b Bank of England |c 1996 | |
| 300 | |a 29 s. | ||
| 490 | 1 | |a Handbooks in Central Banking |v No. 2 | |
| 830 | 0 | |a Handbooks in Central Banking |v No. 2 | |
| 610 | 2 | 0 | |a kurz devízový |
| 610 | 2 | 0 | |a kurz výmenný |
| 610 | 2 | 0 | |a únie menové |
| 610 | 2 | 0 | |a kontrola |
| 610 | 2 | 0 | |a banky |
| 610 | 2 | 0 | |a bankovníctvo |
| 100 | 1 | |a Latter, Tony | |